Fluid mechanics through worked out problems (Record no. 2538)

000 -LEADER
fixed length control field 00578nam a22002177a 4500
001 - CONTROL NUMBER
control field 2538
003 - CONTROL NUMBER IDENTIFIER
control field BD-DhUET
008 - FIXED-LENGTH DATA ELEMENTS--GENERAL INFORMATION
fixed length control field 140924b xxu||||| |||| 00| 0 eng d
020 ## - INTERNATIONAL STANDARD BOOK NUMBER
International Standard Book Number 9843109230
040 ## - CATALOGING SOURCE
Transcribing agency 0
Modifying agency BD-DhUET
082 ## - DEWEY DECIMAL CLASSIFICATION NUMBER
Classification number 532
Item number QUA/2006
100 ## - MAIN ENTRY--PERSONAL NAME
Personal name Quamrul Islam , Md.
245 ## - TITLE STATEMENT
Title Fluid mechanics through worked out problems
250 ## - EDITION STATEMENT
Edition statement 1st ed.
260 ## - PUBLICATION, DISTRIBUTION, ETC. (IMPRINT)
Place of publication, distribution, etc. Gazipur
Name of publisher, distributor, etc. Islamic University of Technology
Date of publication, distribution, etc. 2006
300 ## - PHYSICAL DESCRIPTION
Extent xii,777 p.
504 ## - BIBLIOGRAPHY, ETC. NOTE
Bibliography, etc Includes bibliographies
650 #0 - SUBJECT ADDED ENTRY--TOPICAL TERM
Topical term or geographic name as entry element Fluid mechanics
700 ## - ADDED ENTRY--PERSONAL NAME
Personal name Mondal , Amalesh Chandra
942 ## - ADDED ENTRY ELEMENTS (KOHA)
Koha item type General Book
Holdings
Source of classification or shelving scheme Not for loan Koha out on loan Lost status Koha renewals Damaged status Date acquired Koha date last seen Koha date last borrowed Piece designation (barcode) Koha normalized classification for sorting Location (home branch) Koha issues (times borrowed) Koha full call number Sublocation or collection (holding branch) Koha item type Withdrawn status Price effective from Copy number Shelving location
  2024-09-14   2014-09-242024-08-312024-08-31102749532QUA2006Central Library, BUET9532/QUA/2006Central Library, BUETGeneral Book 2014-09-241Circulation section
      2014-09-242025-11-092025-08-10102750532_000000000000000_QUA_2006Central Library, BUET16532/QUA/2006Central Library, BUETGeneral Book 2014-09-242Circulation section
    1 2014-09-242026-04-122026-03-30102751532_000000000000000_QUA_2006Central Library, BUET15532/QUA/2006Central Library, BUETGeneral Book 2014-09-243Circulation section
  2025-07-14   2015-08-172025-06-302025-06-30102748532_000000000000000_QUA_2006Central Library, BUET24532/QUA/2006Central Library, BUETGeneral Book 2015-08-174Circulation section
  2023-12-16   2006-11-062023-12-022023-12-02102752532_000000000000000_QUA_2006Central Library, BUET10532/QUA/2006Central Library, BUETGeneral Book 2018-04-215Circulation section